|
|
|
|
| LEADER |
02577nam a22003615i 4500 |
| 001 |
34040 |
| 003 |
BD-DhAAL |
| 005 |
20260111141741.0 |
| 008 |
181128t2017 bg 000 0 eng |
| 010 |
|
|
|a 2017353645
|
| 020 |
|
|
|a 97898491396315
|
| 025 |
|
|
|a B-E-2017353645; 22-91
|
| 037 |
|
|
|b Library of Congress -- New Delhi Overseas Office
|
| 040 |
|
|
|a DLC
|b eng
|e rda
|c DLC
|d DLC
|d BD-DhAAL
|
| 042 |
|
|
|a lcode
|
| 082 |
|
|
|a 320.9
|
| 100 |
1 |
|
|a Mannan, Abdul.
|9 29080
|
| 245 |
1 |
0 |
|a Nation-people-politics :
|b views from the sideline /
|c Abdul Mannan.
|
| 250 |
|
|
|a First edition.
|
| 260 |
|
|
|a Dhaka :
|b Nabajuga Prokashani,
|c 2017.
|
| 300 |
|
|
|a 160 pages ;
|c 22 cm.
|
| 526 |
|
|
|a AAL
|
| 541 |
|
|
|a Complimentary copy from UITS University Registrar(in charge) Md. Kamrul Hasan
|e 34040, 34041, 34042, 34043, 34044
|
| 650 |
|
|
|a Political situation and condition.
|9 29081
|
| 650 |
|
|
|a Bangladesh
|x Politics and government.
|9 29082
|
| 852 |
|
|
|a Ayesha Abed Library
|c General Stacks
|
| 942 |
|
|
|2 ddc
|c BK
|
| 999 |
|
|
|c 40313
|d 40313
|
| 952 |
|
|
|0 0
|1 0
|2 ddc
|4 0
|6 320_900000000000000_MAN
|7 0
|9 64720
|a BRACUL
|b BRACUL
|c BNC
|d 2018-11-28
|e Complimentary copy from UITS University Registrar(in charge) Md. Kamrul Hasan
|l 0
|o 320.9 MAN
|p 3010034040
|r 2018-11-28
|t 1
|w 2018-11-28
|y BK
|x Complimentary copy from UITS University Registrar(in charge) Md. Kamrul Hasan
|
| 952 |
|
|
|0 0
|1 0
|2 ddc
|4 0
|6 320_900000000000000_MAN
|7 0
|9 64721
|a BRACUL
|b BRACUL
|c BNC
|d 2018-11-28
|e Complimentary copy from UITS University Registrar(in charge) Md. Kamrul Hasan
|l 0
|o 320.9 MAN
|p 3010034041
|r 2018-11-28
|t 2
|w 2018-11-28
|y BK
|x Complimentary copy from UITS University Registrar(in charge) Md. Kamrul Hasan
|
| 952 |
|
|
|0 0
|1 0
|2 ddc
|4 0
|6 320_900000000000000_MAN
|7 0
|9 64722
|a BRACUL
|b BRACUL
|c BNC
|d 2018-11-28
|e Complimentary copy from UITS University Registrar(in charge) Md. Kamrul Hasan
|l 0
|o 320.9 MAN
|p 3010034042
|r 2018-11-28
|t 3
|w 2018-11-28
|y BK
|x Complimentary copy from UITS University Registrar(in charge) Md. Kamrul Hasan
|
| 952 |
|
|
|0 0
|1 0
|2 ddc
|4 0
|6 320_900000000000000_MAN
|7 0
|9 64723
|a BRACUL
|b BRACUL
|c BNC
|d 2018-11-28
|e Complimentary copy from UITS University Registrar(in charge) Md. Kamrul Hasan
|l 0
|o 320.9 MAN
|p 3010034043
|r 2018-11-28
|t 4
|w 2018-11-28
|y BK
|x Complimentary copy from UITS University Registrar(in charge) Md. Kamrul Hasan
|
| 952 |
|
|
|0 0
|1 0
|2 ddc
|4 0
|6 320_900000000000000_MAN
|7 0
|9 64724
|a BRACUL
|b BRACUL
|c BNC
|d 2018-11-28
|e Complimentary copy from UITS University Registrar(in charge) Md. Kamrul Hasan
|l 0
|o 320.9 MAN
|p 3010034044
|r 2018-11-28
|t 5
|w 2018-11-28
|y BK
|x Complimentary copy from UITS University Registrar(in charge) Md. Kamrul Hasan
|